00766nam a2200181 a 450000100100000000500170001000800410002704000250006810000480009324500510014126000450019230000210023749000240025859000750028283000310035795201790038899900170056700003499920200930074034.0111024s1969 cu 000 0 spa d aDO-SdBNPbspacBNPHU1 aIglesia, Álvaro de la,d1859-1940.96060910aTradiciones cubanas /cÁlvaro de la Iglesia. aLa Habana :bInstituto del Libro,c1969. a355 p. ;c18 cm.1 aEdiciones Huracán aPerteneció a la biblioteca personal de Juan Isidro Jimenes Grullón 0aEdiciones Huracán960610 0010507-18MOaGRbGRcOId2011-10-24iLF1l0o p34999-10r2020-06-25w2020-06-25y1zPerteneció a la biblioteca personal de Juan Isidro Jimenes Grullón.ZNo se presta c34490d34490